Data analysis using regression and multilevel-hierarchical models
Gardado en:
| Main Authors: | , |
|---|---|
| Formato: | Libro |
| Idioma: | inglés |
| Publicado: |
Cambridge
Cambridge University
2007
|
| Edición: | 1a. ed |
| Subjects: | |
| Tags: |
Engadir etiqueta
Sen Etiquetas, Sexa o primeiro en etiquetar este rexistro!
|
MARC
| LEADER | 00000nam a2200000 a 4500 | ||
|---|---|---|---|
| 001 | UCI1566 | ||
| 003 | CL-VaPUC | ||
| 008 | 070706e20070000uk |||||||||||||||||eng|d | ||
| 020 | |a 9780521867061 | ||
| 082 | 0 | 4 | |a 519.536 |b GEL |2 21 |
| 100 | |a Gelman, Andrew |e author |9 522133 | ||
| 700 | |a Hill, Jennifer |e author |9 522134 | ||
| 245 | 1 | 0 | |a Data analysis using regression and multilevel-hierarchical models |
| 250 | |a 1a. ed | ||
| 300 | |a 625 p | ||
| 942 | |c BK | ||
| 945 | |d 20070706 00:00:00 |a rbrito | ||
| 260 | |a Cambridge |b Cambridge University |c 2007 | ||
| 650 | 0 | |a Estadística |9 259535 | |
| 650 | 0 | |a Análisis estadístico |9 269506 | |
| 650 | 7 | |a PROBABILIDADES Y ESTADISTICA |2 CL-VaPUC |9 522135 | |
| 650 | 7 | |a REGRESION LINEAR |2 CL-VaPUC |9 417670 | |
| 650 | 0 | |a Modelos estadísticos |9 270925 | |
| 583 | |a last modification |c 20130806 08:28:04 |k Rodrigo Vera | ||
| 999 | |c 326349 |d 326347 | ||
| 952 | |0 0 |1 0 |4 0 |6 519_536000000000000_GEL_2007 |7 0 |8 A |9 408195 |a FDOPOS |b FDOPOS |d 2019-11-22 |i 4357094 |o 519.536 GEL 2007 |p 4357094 |r 2025-01-22 |w 2019-11-22 |y BK |k MLA | ||